Exercises in spoken english (Record no. 7704)

MARC details
000 -LEADER
fixed length control field 00461cam a2200205ua 4500
001 - CONTROL NUMBER
control field 8610
005 - DATE AND TIME OF LATEST TRANSACTION
control field 20260515114344.0
008 - FIXED-LENGTH DATA ELEMENTS--GENERAL INFORMATION
fixed length control field 150210n ii |||gr||||Z||||||eng
020 ## - INTERNATIONAL STANDARD BOOK NUMBER
International Standard Book Number 0195611756
040 ## - CATALOGING SOURCE
Transcribing agency MAIN
041 ## - LANGUAGE CODE
Language code of text/sound track or separate title eng
082 ## - DEWEY DECIMAL CLASSIFICATION NUMBER
Classification number 414
245 1# - TITLE STATEMENT
Title Exercises in spoken english
Remainder of title Vowels
250 ## - EDITION STATEMENT
Edition statement 1st.
260 ## - PUBLICATION, DISTRIBUTION, ETC.
Place of publication, distribution, etc. Delhi:
Name of publisher, distributor, etc. Oxford,
Date of publication, distribution, etc. 1993.
300 ## - PHYSICAL DESCRIPTION
Extent x,96p.
653 ## - INDEX TERM--UNCONTROLLED
Uncontrolled term Phonology & phonetics
653 ## - INDEX TERM--UNCONTROLLED
Uncontrolled term Spoken english
942 ## - ADDED ENTRY ELEMENTS (KOHA)
Koha item type Books
Holdings
Withdrawn status Lost status Damaged status Not for loan Home library Current library Shelving location Date acquired Total checkouts Full call number Barcode Date last seen Copy number Price effective from Koha item type
        Naharkatiya College Library Naharkatiya College Library General stacks 09/19/2020   414 | EXE 4444 09/19/2020 1 09/19/2020 Books